| 000 | 00511 a2200181 4500 | ||
|---|---|---|---|
| 005 | 20260219120358.0 | ||
| 008 | 250514b |||||||| |||| 00| 0 eng d | ||
| 020 |
_a9789388950862 _cRs. 1895.00 |
||
| 040 | _aMAIN | ||
| 082 |
_a370.954 _bS23I |
||
| 100 | _aSharma, Rajesh Kumar | ||
| 245 | _aIndian knowledge systems: Self realization education | ||
| 260 |
_bSSDN Publishers and Distributors _c2024 _aNew Delhi |
||
| 300 | _aviii. 232 | ||
| 650 | _aEducation | ||
| 650 | _aKnowledge Systems | ||
| 942 | _cBK | ||
| 999 |
_c361889 _d361889 |
||